000 00843nam a2200253Ia 4500
003 OSt
005 20220923224559.0
006 a|||||r|||| 00| 0
007 ta
008 220922b |||||||| |||| 00| 0 pan d
020 _c225
024 _a243,660
037 _b303, 08/10/2010, H.K. Prakashan
_cTextual
040 _aARTS
_cARTS
_bpan
041 _2pan
_apan
082 _aO153:gJ, P5
100 _aਗਿੱਲ, ਤੇਜਵੰਤ ਸਿੰਘ
245 0 _aਮੱਧਕਾਲੀ ਪਾਠ
_b ਸਮਕਾਲੀ ਚਿੰਤਨ
260 _aਲੁਧਿਆਣਾ
_b ਚੇਤਨਾ
_c2005
300 _a223ਪੰ
_ccm.
650 _aਪੰਜਾਬੀ ਸਾਹਿਤ
942 _hO153:gJ, P5
_cTEXL
_2CC
999 _c372330
_d372330